Historia de la Revolución de México contra la dictadura del general Santa Anna, 1853-1855 / (Record no. 28052)
[ view plain ]
| 000 -CABECERA | |
|---|---|
| campo de control de longitud fija | 00827nam a2200229 a 4500 |
| 005 - FECHA Y HORA DE LA ÚLTIMA TRANSACCIÓN | |
| campo de control | 20220606085233.0 |
| 008 - ELEMENTOS DE LONGITUD FIJA--INFORMACIÓN GENERAL | |
| campo de control de longitud fija | 991125s18561987mx 000 0 spa u |
| 020 ## - NÚMERO INTERNACIONAL NORMALIZADO PARA LIBROS | |
| Número Internacional Estándar del Libro | 9688054267 |
| 035 ## - NÚMERO DE CONTROL DEL SISTEMA | |
| Número de control de sistema | UPN01000028052 |
| 049 ## - COLECCIÓN | |
| Colección | CG |
| 050 #4 - SIGNATURA TOPOGRÁFICA DE LA BIBLIOTECA DEL CONGRESO | |
| Número de clasificación | F1232.5 |
| Número de documento/Ítem | P6.3 |
| 100 1# - ASIENTO PRINCIPAL--NOMBRE PERSONAL | |
| Nombre de persona | Portilla, Anselmo de la, |
| Fechas asociadas al nombre | 1816-1879 |
| 245 10 - MENCIÓN DE TÍTULO | |
| Título | Historia de la Revolución de México contra la dictadura del general Santa Anna, 1853-1855 / |
| Mención de responsabilidad, etc. | Anselmo de la Portilla. |
| 260 ## - PUBLICACIÓN, DISTRIBUCIÓN, ETC. | |
| Lugar de publicación, distribución, etc. | México : |
| Nombre del editor, distribuidor, etc. | INEHRM, |
| Fecha de publicación, distribución, etc. | 1856 (1987 impr.). |
| 300 ## - DESCRIPCIÓN FÍSICA | |
| Extensión | 335, cxxiv p. |
| 440 #0 - MENCIÓN DE SERIE/ASIENTO SECUNDARIO--TÍTULO | |
| Título | Biblioteca de obras fundamentales de la República Liberal |
| 500 ## - NOTA GENERAL | |
| Nota general | ["Edición facsimilar"] |
| 651 #2 - ASIENTO SECUNDARIO DE MATERIA - NOMBRE GEOGRAFICO | |
| Nombre geográfico | México |
| Subdivisión general | Historia |
| Subdivisión cronológica | 1821-1861 |
| 9 (RLIN) | 4624 |
| 651 #4 - ASIENTO SECUNDARIO DE MATERIA - NOMBRE GEOGRAFICO | |
| Nombre geográfico | MEXICO - |
| Subdivisión general | HISTORIA - |
| Subdivisión cronológica | DICTADURA, 1853-1855 |
| 600 12 - ASIENTO SECUNDARIO DE MATERIA - NOMBRE PERSONAL | |
| Nombre de persona | Santa-Anna, Antonio López de, |
| Fechas asociadas al nombre | 1794-1876 |
| 9 (RLIN) | 4435 |
| 905 ## - TIPO DE MATERIAL | |
| Tipo de material | Libro |
| Estado de retiro | Estado de pérdida | Fuente del sistema de clasificación o colocación | Estado dañado | No para préstamo | Código de colección | Localización permanente | Ubicación/localización actual | Ubicación en estantería | Total de préstamos | Clasificación | Código de barras | Fecha visto por última vez | Número de copia | Tipo de ítem Koha |
|---|---|---|---|---|---|---|---|---|---|---|---|---|---|---|
| Library of Congress Classification | Colección General | Bib. Gregorio Torres Quintero | Bib. Gregorio Torres Quintero | Planta baja | 4 | F1232.5 P6.3 | 142325 | 31/12/2020 | 1 | Libro |
